000 00706nam a2200253Ia 4500
003 OSt
005 20220918223347.0
006 a|||||r|||| 00| 0
007 ta
008 220917b |||||||| |||| 00| 0 eng d
024 _a222,120
037 _cTextual
040 _aARTS
_cARTS
_beng
041 _2eng
_aeng
082 _aRxN08, P5
100 _aCarman Taylor Ed.
_9145593
245 0 _aCambridge companion to Merleau-Ponty
260 _aU.K.
_bCambridge Univ. press
_c2005
300 _aix, 396p
_ccm.
650 _aPHILOSOPHY
700 _a Hansen Mark B.N. Ed.
_9145594
942 _hRxN08, P5
_cTEXL
_2CC
999 _c278266
_d278266